00804nam a2200169 a 4500008004100000050002400041110004700065245009000112260006300202300001600265350000900281650003300290710008400323995008400407999001700491952012600508150519s2000 ||||||||||||||||| || u aGOV.ZAM(058)ER/2000 aGovernment of the Republic of Zambia (GRZ)10aRepublic of Zambia economic report 1999cMinistry of Finance and Economic Development aLusakabMinistry of Finance and Economic Developmentc2000 a107p.: ill. a0.00 0aECONOMIC DEVELOPMENT--ZAMBIA aGovernment of the Republic of Zambia. Ministry of Finance and National Planning FCBU-MAIN LIBRARY (Kitwe)I0.00M1UAVAILABLEWMay 19, 2015ZZambiana Collection c56273d56273 00102lcc4070a001b001cZambiana Collectiond2022-11-30l0oGOV.ZAM(058)ER/2000p03003898r2022-11-30w2022-11-30y002